Land vs. Land #48 - Statistiken

Allgemein
  • Dieses Quiz wurde 15 mal gespielt
  • Das Durchschnittsergebnis liegt bei 13 aus 14
Antwortstatistiken
Frage Antwort % Korrekt
...Bruttoinlandsprodukt? Slowakei🇸🇰
100%
...Tourismus? Slowakei🇸🇰
100%
...Gesundheitswesen? Slowakei🇸🇰
100%
...Frieden? Slowakei🇸🇰
100%
...durchschnittlicher IQ? Slowakei🇸🇰
100%
...Lebenserwartung? Slowakei🇸🇰
100%
...Exportmengen? Slowakei🇸🇰
100%
...Gewinner? Slowakei🇸🇰
100%
...Bruttoinlandsprodukt pro Kopf? Slowakei🇸🇰
92%
...Militär? Slowakei🇸🇰
92%
...HDI (Human Development Index)? Slowakei🇸🇰
92%
...Happy Planet Index? Slowakei🇸🇰
85%
...Fläche? Benin🇧🇯
62%
...Einwohner? Benin🇧🇯
46%
Keine übereinstimmenden Quizze gefunden
Verteilung der Resultate
Anzahl Personen mit jedem Resultat
Perzentil nach korrekt beantworteten Fragen
Ihre Resultats-Entwicklung
Sie haben dieses Quiz noch nicht gespielt